000
003110000a22001450004500
003
MACL
040
_a
MACL
090
_c
33193
_d
33191
100
_a
Sasser, Susan B
245
_a
Fix Your Own LAN
260
_b
BPB Publications
_c
1994
350
_a
270
650
_a
Computer Science
942
_c
BOOK
_k
004.6/SAS
999
_c
32845
_d
32845